00441nam a2200157Ia 4500008004100000020001000041040001900051041001200070082002900082100002500111245006100136260002600197300001800223650002000241850002200261131103s9999 xx 000 0 und d cRs.30 aLoreto College aEnglish a891.443/BANbLCLIB/43129 aBandopadhyay, Sibaji aBhut-bishayak ekti Uponyaser khasracSibaji Bandopadhyay aCalcuttabAbhasc2002 a75p. c 17cm. aBengali fiction aLCLIB/891.443/BAN